| 000 | 00408nam a22001577a 4500 | ||
|---|---|---|---|
| 020 | _a9788179931882 | ||
| 082 |
_a628.168 _bRAK//MU |
||
| 100 |
_aRakesh Kumar _9453 |
||
| 100 |
_aSingh,R.N _9454 |
||
| 245 | _aMuncipal Water and Wastewater Treatment | ||
| 260 |
_aNew Delhi _bTERI Press _c2013 |
||
| 300 | _a266 | ||
| 490 | _aEnvironmental Engineering series | ||
| 700 |
_aRamachandra,T.V _9455 |
||
| 942 | _cBK | ||
| 999 |
_c14321 _d14321 |
||